Least Important U.S. States - Statistics

General Stats
  • This quiz has been taken 164 times
  • The average score is 16 of 20
Answer Stats
# State % Correct
4 North Dakota
93%
8 South Dakota
93%
10 Alaska
91%
13 Kansas
91%
1 Wyoming
91%
16 Maine
90%
3 Montana
90%
5 New Mexico
87%
17 Hawaii
86%
12 Idaho
86%
11 Rhode Island
86%
9 Arkansas
85%
2 Mississippi
82%
7 New Hampshire
82%
6 West Virginia
82%
14 Nebraska
81%
15 Connecticut
72%
18 Maryland
72%
19 Michigan
64%
20 New York
28%
No matching quizzes found
Score Distribution
Percent of People with Each Score
Percentile by Number Answered
Your Score History
You have not taken this quiz